00837nam a2200217 i 450000100060000000300090000600500170001500700030003200800410003508000210007613000330009724501050013026000430023530000220027849000490030070000540034983000570040385200210046099900170048195201210049880231ES-MaACL20230906174152.0t|041027s1916 sp ||||1| spa d a821.134.2-31"14"0 aFlores y Blancaflor.915942513aLa historia de los dos enamorados Flores y Blancaflor / cpublícala Adolfo Bonilla y San Martín. aMadrid : b[s.n.], c1916 (fFortanet) a225 p. ; c14 cm.1 aClásicos de la literatura española ; v61 aBonilla y San Martín, Adolfo,d1875-19269301930 aClásicos de la literatura española ; v69183654 aES-MaACLjD-5211 c80231d80231 00104070aATENEOMbATENEOMcSVId2008-01-17eSCl0oD-5211p901083886r2023-02-23 00:00:00w2023-02-23yMONOGRAFIA